000 00790nas a2200253 4500
001 BR2015003744
003 BR-BrBNA
005 20231205125459.0
007 ta
008 230509b bl.|||p| |||| 00| 00por d
040 _aBR-BrBNA
_bpor
_cBiblioteca Nacional de Agricultura
041 _a(Pt)
072 _aQ03; Q02
100 1 _aRossi, L.P.R.
100 1 _aAlmeida, R.C. de C.
245 1 _aBacteriófagos para controle de bactérias patogênicas em alimentos
650 _aBACTERIOLOGIA
650 _aBACTERIA PATOGÊNICA
650 _aALIMENTO
650 _aCONTROLE MICROBIANO
773 0 _tRevista do Instituto Adolfo Lutz (Brazil)
_xISSN 0073-9855
_g(Apr-Jun 2010), v. 69(2) p. 151-156
_wBR2015003744
909 _a202311
_bLúcia
_c55
_dLúcia Elande
942 _2AGRIS
_n0
_cANA
999 _c244582
_d244582